UK occupier satisfaction index 2007 (Record no. 107008)

MARC details
000 -LEADER
fixed length control field 01085cam a22002295a 4500
001 - CONTROL NUMBER
control field L138118
008 - FIXED-LENGTH DATA ELEMENTS--GENERAL INFORMATION
fixed length control field 070517s2007 xxk f 000 0 eng d
035 ## - SYSTEM CONTROL NUMBER
System control number (Sirsi) u138118
041 0# - LANGUAGE CODE
Language code of text/sound track or separate title eng
110 2# - MAIN ENTRY--CORPORATE NAME
Corporate name or jurisdiction name as entry element Kingsley Lipsey Morgan
9 (RLIN) 4254
245 00 - TITLE STATEMENT
Title UK occupier satisfaction index 2007
Medium [electronic resource]
260 ## - PUBLICATION, DISTRIBUTION, ETC.
Date of publication, distribution, etc. 2007
490 #0 - SERIES STATEMENT
Series statement UK Occupier Satisfaction Index
Volume/sequential designation 2007
520 ## - SUMMARY, ETC.
Summary, etc. Discusses occupiers' perceptions of the service provided by property owners, property developers, property/facilities managers and by professional advisors and leasing agents, highlighting challenges for the property industry. Discusses costs, business change, corporate responsibility, competitiveness, lease terms, transparency and value for money.
590 ## - LOCAL NOTE (RLIN)
Local note KA
650 24 - SUBJECT ADDED ENTRY--TOPICAL TERM
Topical term or geographic name entry element OCCUPIE$ SATISFACTION
651 #4 - SUBJECT ADDED ENTRY--GEOGRAPHIC NAME
Geographic name United Kingdom
Chronological subdivision
690 ## - LOCAL SUBJECT ADDED ENTRY--TOPICAL TERM (OCLC, RLIN)
Topical term or geographic name as entry element PROPERTY-COMMERCIAL PROPERTY-COMMERCIAL LANDLORD AND TENANT
710 1# - ADDED ENTRY--CORPORATE NAME
Corporate name or jurisdiction name as entry element IPD Occupiers
9 (RLIN) 5090
856 40 - ELECTRONIC LOCATION AND ACCESS
Uniform Resource Identifier <a href="https://www.occupier-satisfaction.co.uk/">https://www.occupier-satisfaction.co.uk/</a>
Public note View the item free of charge at www.occupier-satisfaction.co.uk
942 ## - ADDED ENTRY ELEMENTS (KOHA)
Suppress in OPAC 0
Holdings
Withdrawn status Lost status Source of classification or shelving scheme Damaged status Not for loan Home library Current library Shelving location Date acquired Total Checkouts Full call number Barcode Date last seen Copy number Price effective from Koha item type
    Dewey Decimal Classification     Virtual Virtual Online 17/05/2007   ONLINE PUBLICATION 138118-2001 06/08/2019 1 06/08/2019 Book